000 02382nam0a2200361 4500
001 RU\NLR\BIBL_A\010297204
005 20260407145122.0
010 _a978-88-422-2080-0
035 _a(NLR Aleph) 010297204
090 _a10575861
_c10575861
100 _a20140324d2011 |||y0rusy50 ca
101 0 _arus
_aita
102 _aRU
105 _aa|||z||||01yb
200 1 _aБеллини в особняке Берг
_dBellini a villa Berg
_fПосольство Италии в Москве
_gпод ред. Дарии Боргезе
_zita
210 _aМосква
_cУмберто Аллеманди для Посольства Италии в Москве
_d2011
215 _a33, [2] с.
_cил., цв. ил., портр.
_d31
300 _aТекст парал. на рус. и итал. яз.
320 _aБиблиогр.: с. 17, с. 33
510 1 _aBellini a villa Berg
_zita
601 0 2 _aКапитолийские музеи
_cРим, город; Италия
_jМосква, город
_xКоллекция живописи
_xВыставки
_yМосква, город
_z2011
_92185262
_3RU\NLR\AUTH\6601550160
601 0 2 _aИталия
_bПосольство в России
_xВыставки
_yМосква, город
_z2011
_92621741
_3RU\NLR\AUTH\661558301
604 _1700#1$aБеллини$bД.$gДжовани$fок.1430 - 1516
_1500##$a"Портрет молодого человека"$xВыставки$yМосква, город$z2011$2nlr_sh2$3RU\NLR\AUTH\6601549892
_aБеллини, Джовани (ок.1430 - 1516)
_t"Портрет молодого человека"
_xВыставки
_yМосква, город
_z2011
_92184670
_3RU\NLR\AUTH\6601549892
686 1 _aЩ101.3(4Ит)-2Рим2Капитолийские музеи л62
686 1 _aЩ143(4Ит)43-8Беллини л62
686 1 _aЩ101.3(2)-2Москва2Посольство Италии л62
702 1 _4340
_8rus
_7ca
_aОлсуфьева-Боргезе
_bД. В.
_f1909-1963
_gДария Васильевна
_3RU\NLR\AUTH\770133379
_9133345
702 1 _4570
_aБеллини
_bД.
_fок. 1430-1516
_gДжованни
_3RU\NLR\AUTH\770133367
_9133333
712 0 1 _4570
_aИталия
_bПосольство в России
_3RU\NLR\AUTH\8810088811
_9679179
942 _cBOOK
980 _aNB